[Event "Titled Tue 10th Jun Early"]
[Site "chess.com INT"]
[Date "2025.06.10"]
[Round "4"]
[White "Shukhman, Anna"]
[Black "Yildiz, Egehan"]
[Result "1/2-1/2"]
[WhiteTitle "WGM"]
[BlackTitle "FM"]
[WhiteElo "2413"]
[BlackElo "2198"]
[WhiteFideId "54180058"]
[BlackFideId "44518072"]
[EventDate "2025.06.10"]

1. e4 c6 2. d4 d5 3. e5 c5 4. Nf3 cxd4 5. Qxd4 Nc6 6. Qf4 g6 7. Nc3 d4 8. Bc4
Nh6 9. Ne4 Bg7 10. Neg5 Nxe5 11. Nxe5 Qa5+ 12. Bd2 Qxe5+ 13. Qxe5 Bxe5 14. Nf3
Bg7 15. Nxd4 Bxd4 16. Bxh6 Bxb2 17. Rb1 Bc3+ 18. Ke2 b6 19. Rhd1 Bd7 20. Rd3 Bf6
21. Rbd1 Bc6 22. f3 e6 23. Rd6 Ba4 24. Bb3 Bxb3 25. axb3 Rc8 26. c4 Rc7 27. g4
Ke7 28. Bf4 Rhc8 29. g5 Bg7 30. R6d3 Rb7 31. Bd6+ Ke8 32. Bb4 Bf8 33. Bc3 b5 34.
cxb5 Rxb5 35. Bf6 Be7 36. Bxe7 Kxe7 37. Rd7+ Kf8 38. Rxa7 Rxb3 39. Rdd7 Rc2+ 40.
Kd1 Rxh2 41. Rxf7+ Ke8 42. Rae7+ Kd8 43. Rd7+ Kc8 44. Rc7+ Kb8 45. Rc1 Rd3+ 46.
Ke1 Re3+ 47. Kd1 Rd3+ 48. Ke1 Rh1+ 49. Ke2 Rxc1 50. Kxd3 Rc7 51. Rf6 Re7 52. Ke4
Kc7 53. Ke5 Kd7 54. Rf4 Re8 55. Rd4+ Ke7 56. Rh4 Rh8 57. Rb4 Rd8 58. Rb7+ Rd7
59. Rb5 Ra7 60. f4 Rd7 61. Rc5 Rb7 62. Ra5 Kf7 63. Ra6 Rb5+ 64. Ke4 Rb4+ 65. Kf3
Rb5 66. Ra7+ Kg8 67. Re7 Rb6 68. Ke4 Rb4+ 69. Ke5 Rb5+ 70. Kxe6 Rf5 71. Re8+ Kg7
72. Re7+ Kg8 73. Ra7 Rxf4 74. Ra8+ Kg7 75. Ra7+ Kg8 76. Ra5 Rf8 77. Rb5 Rf1 78.
Ra5 Kg7 79. Ra7+ Kg8 80. Ra8+ Rf8 81. Ra5 Rb8 82. Rc5 Rb6+ 83. Ke5 Rb7 84. Rc6
Kf7 85. Rc5 Ke7 86. Ra5 Rc7 87. Rb5 Kf7 88. Ra5 Re7+ 89. Kf4 Re1 90. Ra7+ Re7
91. Ra6 Rb7 92. Rc6 Rb4+ 93. Ke5 Rb5+ 94. Kf4 Rf5+ 95. Kg4 Ra5 96. Rc7+ Kg8 97.
Rb7 Ra4+ 98. Kf3 Rd4 99. Ke3 Rd5 100. Kf4 Rf5+ 101. Kg4 Rf7 102. Rb6 Kg7 103.
Rc6 Ra7 104. Rb6 Ra4+ 105. Kf3 Ra5 106. Kf4 Ra4+ 107. Ke5 Ra5+ 108. Kf4 Ra4+
109. Ke5 Rg4 110. Rb7+ Kg8 111. Rb8+ Kg7 112. Rb7+ Kg8 113. Kf6 Rf4+ 114. Ke6
Rf5 115. Rb8+ Kg7 116. Rb7+ Kg8 117. Rb8+ Rf8 118. Rb7 Ra8 119. Rc7 Ra6+ 120.
Ke5 Ra5+ 121. Kf4 Rf5+ 122. Kg4 h5+ 123. gxh6 Rh5 124. Rg7+ Kh8 125. Rxg6 Ra5
126. Rb6 Kh7 127. Kh4 Rc5 128. Kg3 Rf5 129. Kg4 Rd5 130. Rb7+ Kxh6 131. Rb6+ Kg7
132. Rb4 Rd6 133. Rf4 Kg6 134. Kf3 Rf6 135. Rxf6+ Kxf6 1/2-1/2

[Event "Titled Tue 10th Jun Early"]
[Site "chess.com INT"]
[Date "2025.06.10"]
[Round "4"]
[White "Antoniou, Rafail"]
[Black "Ohanyan, Emin"]
[Result "0-1"]
[WhiteTitle "CM"]
[BlackTitle "GM"]
[WhiteElo "2134"]
[BlackElo "2491"]
[WhiteFideId "5904390"]
[BlackFideId "13312022"]
[EventDate "2025.06.10"]

1. e4 c5 2. c3 d5 3. exd5 Nf6 4. d4 cxd4 5. Nf3 Qxd5 6. cxd4 e6 7. Nc3 Qd6 8.
Be2 Nc6 9. O-O Be7 10. Be3 O-O 11. Qb3 b6 12. Rfd1 Rd8 13. Rac1 Bb7 14. h3 Rac8
15. Nb5 Qb8 16. Nc3 Na5 17. Qa4 Nd5 18. Nxd5 Bxd5 19. b3 Qb7 20. Qb5 Nc6 21. Qa4
Nb8 22. Qb5 h6 23. Ne1 a6 24. Qd3 Bb4 25. Bd2 Ba3 26. Rxc8 Rxc8 27. Bf3 b5 28.
Bxd5 Qxd5 29. Nc2 Be7 30. Ne3 Qd7 31. Bc3 Bf6 32. Ba1 Nc6 33. d5 Bxa1 34. Rxa1
Nb4 35. Qd4 Nxd5 36. Rd1 Qb7 37. Nxd5 Qxd5 38. Qxd5 exd5 39. Rxd5 Rc1+ 40. Kh2
Rc2 41. Rd8+ Kh7 42. a4 bxa4 43. bxa4 Rc4 44. Rd7 f6 45. g4 h5 46. Kg3 Rxa4 47.
Ra7 Kh6 48. Ra8 hxg4 49. hxg4 g5 50. Rh8+ Kg7 51. Ra8 Ra3+ 52. Kg2 Kf7 53. Ra7+
Ke6 54. Ra8 a5 55. Ra7 Ke5 56. Ra6 Ra4 57. Kf3 Ra1 58. Kg2 Ra3 59. Kh2 a4 60.
Kg2 Ra1 61. Ra5+ Ke6 62. Ra6+ Ke5 63. Ra5+ Ke6 64. Kh2 a3 65. Kg2 Ra2 66. Kg3
Ra1 67. Kg2 Kd6 68. Ra6+ Ke5 69. Ra4 Kd5 70. Ra6 Ke5 71. Ra5+ Ke6 72. Ra6+ Kf7
73. Ra7+ Kg6 74. Ra6 Ra2 75. Kg3 Ra1 76. Kg2 Kf7 77. Ra7+ Ke8 78. Ra6 a2 79.
Ra8+ Kd7 80. Ra7+ Kc6 81. Ra8 Kb5 82. Rb8+ Kc4 83. Ra8 Kb3 84. Rb8+ Kc2 85. Rc8+
Kd3 86. Ra8 Ke4 87. Ra4+ Ke5 88. Ra5+ Kd4 89. Ra4+ Kc3 90. Ra8 Kb4 91. Rb8+ Ka5
92. Ra8+ Kb6 93. Ra3 Kc6 94. Ra4 Kd6 95. Ra3 Ke5 96. Ra5+ Ke6 97. Ra6+ Kf7 98.
Ra5 Kg6 99. Ra6 Kg7 100. Ra7+ Kf8 101. Ra8+ Ke7 102. Ra7+ Kd6 103. Ra6+ Kd5 104.
Ra5+ Kd4 105. Ra8 Kd3 106. Ra7 Kc2 107. Rc7+ Kd2 108. Rd7+ Ke1 109. Re7+ Kd1
110. Rd7+ Kc1 111. Rc7+ Kb1 112. Rb7+ Kc2 113. Rc7+ Kd3 114. Rd7+ Ke4 115. Ra7
Rd1 116. Rxa2 Rd4 117. Ra6 Ke5 118. Ra5+ Kf4 119. Ra3 Kxg4 120. Rg3+ Kf5 121.
Rf3+ Rf4 122. Ra3 Kg4 123. Rg3+ Kf5 124. Ra3 Rb4 125. Kg3 Rb5 126. Kg2 Rd5 127.
Rb3 Rd4 128. Rb5+ Kf4 129. Rb6 f5 130. Rb2 g4 131. Ra2 Rb4 132. Rc2 Ra4 133. Rb2
Rd4 134. Ra2 Rc4 135. Rb2 Rc5 136. Ra2 Kg5 137. Rb2 Ra5 138. Rc2 f4 139. Rc8 Kh4
140. Rh8+ Rh5 141. Rf8 f3+ 142. Kg1 Kh3 143. Rb8 Rh7 144. Rc8 Kh4 145. Rc1 Ra7
146. Kh2 Ra2 147. Kg1 Kh3 148. Rb1 Rc2 149. Ra1 Rd2 150. Rb1 Re2 151. Rc1 Rb2
152. Ra1 Rc2 153. Rb1 Ra2 154. Rc1 g3 155. fxg3 Kxg3 156. Rb1 Rg2+ 157. Kf1 Rh2 0-1

[Event "Titled Tue 10th Jun Early"]
[Site "chess.com INT"]
[Date "2025.06.10"]
[Round "5"]
[White "Santos, Antonio P"]
[Black "Vlassov, Nikolai"]
[Result "0-1"]
[WhiteTitle "FM"]
[BlackTitle "IM"]
[WhiteElo "2165"]
[BlackElo "2291"]
[WhiteFideId "1900161"]
[BlackFideId "4103360"]
[EventDate "2025.06.10"]

1. d4 Nf6 2. c4 Nc6 3. Nf3 e6 4. Bg5 h6 5. Bh4 Bb4+ 6. Nc3 g5 7. Bg3 Ne4 8. Qd3
d5 9. cxd5 exd5 10. e3 Bf5 11. Nd2 Nxg3 0-1

[Event "Titled Tue 10th Jun Early"]
[Site "chess.com INT"]
[Date "2025.06.10"]
[Round "5"]
[White "Ser, Daniel"]
[Black "Goldbeck, Lars"]
[Result "1-0"]
[WhiteTitle "CM"]
[BlackTitle "FM"]
[WhiteElo "2005"]
[BlackElo "2391"]
[WhiteFideId "12829404"]
[BlackFideId "16208188"]
[EventDate "2025.06.10"]

1. d4 d5 2. Bf4 Nf6 3. e3 c5 4. Nf3 Nc6 5. Nbd2 Bg4 6. c3 e6 7. Qa4 Bd6 8. Ba6
Rb8 9. Bxb7 Rxb7 10. Qxc6+ Qd7 11. Qxd6 1-0

[Event "Titled Tue 10th Jun Early"]
[Site "chess.com INT"]
[Date "2025.06.10"]
[Round "5"]
[White "Hernandez Leon, Sergio"]
[Black "Araujo Filho, Luiz Antonio Coel"]
[Result "0-1"]
[WhiteTitle "CM"]
[WhiteElo "2102"]
[BlackElo "2077"]
[WhiteFideId "2285622"]
[BlackFideId "2130661"]
[EventDate "2025.06.10"]

1. e4 c6 2. Nc3 d5 3. Nf3 dxe4 4. Nxe4 Nf6 5. Qe2 Nxe4 6. Qxe4 Be6 7. c4 g6 8.
d4 Bg7 9. Bf4 Nd7 10. Bd3 Bf5 11. Qe2 Bxd3 12. Qxd3 Qb6 13. O-O-O h6 14. Rhe1 e6
15. d5 Qxb2# 0-1

[Event "Titled Tue 10th Jun Early"]
[Site "chess.com INT"]
[Date "2025.06.10"]
[Round "5"]
[White "Shymanskyi, Oleksandr"]
[Black "Rozman, Levy"]
[Result "1-0"]
[WhiteTitle "FM"]
[BlackTitle "IM"]
[WhiteElo "2218"]
[BlackElo "2324"]
[WhiteFideId "14168880"]
[BlackFideId "2039877"]
[EventDate "2025.06.10"]

1. e4 c6 2. Nf3 d5 3. Nc3 a6 4. h3 g6 5. d4 Bg7 6. e5 f6 7. exf6 exf6 8. Bd3 Ne7
9. O-O O-O 10. Re1 Nf5 11. Bf4 a5 12. Na4 Nd7 13. Qd2 b5 14. Nc5 Nxd4 15. Nxd4
Nxc5 16. Nxc6 Qd7 17. Bxb5 Ne4 18. Qxd5+ 1-0

[Event "Titled Tue 10th Jun Early"]
[Site "chess.com INT"]
[Date "2025.06.10"]
[Round "5"]
[White "Tristan, Leonardo"]
[Black "Stemmler, Fabian"]
[Result "1-0"]
[WhiteTitle "GM"]
[BlackTitle "CM"]
[WhiteElo "2536"]
[BlackElo "2190"]
[WhiteFideId "113816"]
[BlackFideId "12964808"]
[EventDate "2025.06.10"]

1. d4 Nf6 2. Nf3 g6 3. Bf4 Bg7 4. e3 O-O 5. Be2 d6 6. O-O Nfd7 7. e4 e5 8. Bg5
Qe8 9. Nc3 c6 10. dxe5 dxe5 11. Qd6 f6 12. Bc4+ Kh8 13. Be3 Nb6 14. Bb3 Qd8 15.
Rfd1 Qxd6 16. Rxd6 Bg4 17. a4 Bxf3 18. gxf3 Nc8 19. Rd2 h5 20. Bc5 Na6 21. Bxf8
Bxf8 22. Rd8 Kg7 23. Rad1 Nb6 24. Rxa8 Nxa8 25. Rd7+ Kh6 26. Rxb7 Nc5 27. Rb8
Nxb3 28. cxb3 1-0

[Event "Titled Tue 10th Jun Early"]
[Site "chess.com INT"]
[Date "2025.06.10"]
[Round "5"]
[White "Hernandez Jimenez, Alexander Andres"]
[Black "Mayorau, Mikita1"]
[Result "0-1"]
[WhiteTitle "FM"]
[BlackTitle "GM"]
[WhiteElo "2069"]
[BlackElo "2472"]
[WhiteFideId "3900452"]
[BlackFideId "13501720"]
[EventDate "2025.06.10"]

1. e4 e6 2. d4 d5 3. Nc3 Nf6 4. e5 Nfd7 5. f4 c5 6. Nf3 Nc6 7. Ne2 Be7 8. c3 b6
9. f5 exf5 10. Nf4 Bb7 11. Nxd5 Nxd4 12. Nxe7 Nxf3+ 13. gxf3 Qxe7 14. Bf4 g5 15.
Bg3 f4 16. Bf2 Nxe5 0-1

[Event "Titled Tue 10th Jun Early"]
[Site "chess.com INT"]
[Date "2025.06.10"]
[Round "5"]
[White "Montejo Bello, Lorena Beatriz"]
[Black "Luong Phuong Hanh"]
[Result "1-0"]
[WhiteTitle "WFM"]
[BlackTitle "WIM"]
[WhiteElo "2090"]
[BlackElo "2121"]
[WhiteFideId "3529045"]
[BlackFideId "12401013"]
[EventDate "2025.06.10"]

1. e4 c5 2. Nf3 e6 3. d4 cxd4 4. Nxd4 a6 5. Bd3 Bc5 6. Nb3 Be7 7. c4 d6 8. Nc3
Nf6 9. O-O O-O 10. Be3 Nbd7 11. f3 b6 12. Qe2 Bb7 13. Rfd1 Qc7 14. Qf2 Rac8 15.
Rac1 Qb8 16. Bxb6 Bxe4 17. Ba7 Qb7 18. Nxe4 Ne5 19. Nxf6+ Bxf6 20. Be4 Qe7 21.
Nd2 Bg5 22. Be3 Bxe3 23. Qxe3 Qc7 24. b3 Qa5 25. Rc2 d5 26. Bxh7+ Kxh7 27. Qxe5
Qb6+ 28. Kh1 Kg8 29. Rdc1 d4 30. Ne4 d3 31. Rd2 Rfd8 32. Rcd1 Qb4 33. Qh5 a5 34.
Ng5 1-0

[Event "Titled Tue 10th Jun Early"]
[Site "chess.com INT"]
[Date "2025.06.10"]
[Round "5"]
[White "Coe, William"]
[Black "Arkell, Keith C"]
[Result "0-1"]
[BlackTitle "GM"]
[WhiteElo "2078"]
[BlackElo "2343"]
[WhiteFideId "30913624"]
[BlackFideId "400270"]
[EventDate "2025.06.10"]

1. e4 c6 2. d4 d5 3. Nc3 dxe4 4. Nxe4 Nd7 5. Nf3 Ngf6 6. Ng3 c5 7. d5 Nb6 8. c4
e6 9. dxe6 Qxd1+ 10. Kxd1 Bxe6 11. h3 O-O-O+ 12. Kc2 Bxc4 13. b3 Bxf1 14. Rxf1
Nfd5 15. a3 f6 16. Bd2 Bd6 17. Ne4 Rhe8 18. Nxd6+ Rxd6 19. Rac1 Nd7 20. Rfe1
Rde6 21. Rxe6 Rxe6 22. Kd3 b6 23. b4 Kb7 24. bxc5 Nxc5+ 25. Kd4 Ne7 26. Rb1 Rd6+
27. Ke3 Rd3+ 28. Ke2 Rxa3 29. Bb4 Ra2+ 30. Ke3 Nd5+ 31. Kd4 Nxb4 0-1

[Event "Titled Tue 10th Jun Early"]
[Site "chess.com INT"]
[Date "2025.06.10"]
[Round "5"]
[White "Shevchenko, Yaroslav"]
[Black "Khalafvand, Dorsa Sadat"]
[Result "1-0"]
[BlackTitle "WCM"]
[WhiteElo "2179"]
[BlackElo "1985"]
[WhiteFideId "34144684"]
[BlackFideId "36767522"]
[EventDate "2025.06.10"]

1. e4 c6 2. d4 d5 3. Nc3 dxe4 4. Nxe4 Nf6 5. Qd3 Nxe4 6. Qxe4 Nd7 7. Nf3 Nf6 8.
Qf4 g6 9. Bc4 Bg7 10. h4 b5 11. Bb3 a5 12. a4 b4 13. h5 Bf5 14. hxg6 hxg6 15.
Rxh8+ Bxh8 16. Qh6 Kd7 17. Bxf7 Ng4 18. Qg5 Bf6 19. Qf4 Qf8 20. Bxg6 e6 21. Bxf5
exf5 22. Qxf5+ Kc7 23. Qxg4 Re8+ 24. Be3 Qg7 1-0

[Event "Titled Tue 10th Jun Early"]
[Site "chess.com INT"]
[Date "2025.06.10"]
[Round "5"]
[White "Aswath, S"]
[Black "Di Nicolantonio, Lucas"]
[Result "1-0"]
[WhiteTitle "IM"]
[BlackTitle "IM"]
[WhiteElo "2507"]
[BlackElo "2413"]
[WhiteFideId "46694919"]
[BlackFideId "680460"]
[EventDate "2025.06.10"]

1. f4 Nf6 2. Nf3 g6 3. g3 Bg7 4. Bg2 O-O 5. O-O d5 6. d3 c5 7. Nc3 d4 8. Ne4
Nxe4 9. dxe4 Nc6 10. h3 Qb6 11. Kh1 c4 12. g4 Rd8 13. a3 Bd7 14. Qe1 Be8 15. Qh4
d3 16. exd3 cxd3 17. cxd3 Rxd3 18. f5 Rad8 19. fxg6 hxg6 20. Ng5 Rd1 21. Qh7+
Kf8 22. Ne6# 1-0

[Event "Titled Tue 10th Jun Early"]
[Site "chess.com INT"]
[Date "2025.06.10"]
[Round "5"]
[White "Henriquez Villagra, Cristobal"]
[Black "Negrean, Andrei"]
[Result "1-0"]
[WhiteTitle "GM"]
[BlackTitle "FM"]
[WhiteElo "2597"]
[BlackElo "2352"]
[WhiteFideId "3409350"]
[BlackFideId "1291513"]
[EventDate "2025.06.10"]

1. d4 Nf6 2. Nf3 g6 3. Bf4 Bg7 4. e3 O-O 5. h3 d6 6. Be2 b6 7. a4 a5 8. O-O Bb7
9. Bh2 Nbd7 10. Bb5 Ne4 11. Nbd2 f5 12. Nxe4 fxe4 13. Ng5 Rf6 14. Qg4 c6 15. Be2
d5 16. Ne6 Qc8 17. Nxg7 Kxg7 18. f3 exf3 19. Bxf3 Qg8 20. Qxd7 Qe6 21. Qxe6 Rxe6
22. Be5+ Rxe5 23. dxe5 Rd8 24. Bg4 d4 25. exd4 Rxd4 26. Rad1 Rxa4 27. Rd7 Ba6
28. Rxe7+ Kh6 29. Rff7 Ra1+ 30. Kh2 Ra2 31. h4 g5 32. h5 Bd3 33. cxd3 1-0

[Event "Titled Tue 10th Jun Early"]
[Site "chess.com INT"]
[Date "2025.06.10"]
[Round "5"]
[White "Deng, Henry"]
[Black "Bahmani, Koorosh"]
[Result "1/2-1/2"]
[WhiteTitle "FM"]
[BlackTitle "CM"]
[WhiteElo "2327"]
[BlackElo "2207"]
[WhiteFideId "30965454"]
[BlackFideId "42576750"]
[EventDate "2025.06.10"]

1. e4 c6 2. d4 d5 3. Nd2 dxe4 4. Nxe4 Bf5 5. Ng3 Bg6 6. Nf3 Nd7 7. Bd3 Bxd3 8.
Qxd3 Ngf6 9. Ne4 e6 10. Bf4 Nxe4 11. Qxe4 Be7 12. O-O O-O 13. c4 c5 14. Rad1
cxd4 15. Rxd4 Qc8 16. b3 Nf6 17. Qe2 Bc5 18. Rd3 Rd8 19. Rfd1 Rxd3 20. Qxd3 h6
21. h3 Qc6 22. Ne5 Qe4 23. Qxe4 Nxe4 24. Be3 Bxe3 25. fxe3 f6 26. Ng6 Kf7 27.
Nf4 Ke7 28. Ng6+ Kf7 29. Nf4 Ke7 30. Ng6+ Kf7 1/2-1/2

[Event "Titled Tue 10th Jun Early"]
[Site "chess.com INT"]
[Date "2025.06.10"]
[Round "5"]
[White "Sapocinic, Semion"]
[Black "Cherepov, Alexej"]
[Result "1-0"]
[WhiteTitle "FM"]
[BlackTitle "CM"]
[WhiteElo "2296"]
[BlackElo "2083"]
[WhiteFideId "13908693"]
[BlackFideId "13503650"]
[EventDate "2025.06.10"]

1. d4 d5 2. Nf3 Nf6 3. Bg5 Ne4 4. Bf4 c5 5. c3 Nc6 6. e3 Qb6 7. Qc1 Bg4 8. Nbd2
Nxd2 9. Qxd2 e6 10. Ne5 Nxe5 11. Bxe5 a6 12. Bd3 Bh5 13. O-O Bg6 14. a4 Qc6 15.
a5 f6 16. Bg3 Bd6 17. Bxd6 Qxd6 18. Qc2 Bxd3 19. Qxd3 O-O 20. dxc5 Qxc5 21. e4
Rfd8 22. exd5 Qxd5 23. Qe2 e5 24. Rfd1 Qc6 25. Rxd8+ Rxd8 26. Rd1 Rxd1+ 27. Qxd1
f5 28. h3 g6 29. Qd8+ Kg7 30. Qe7+ Kh6 31. Qh4+ Kg7 32. Qe7+ Kh6 33. Qxe5 Qd7
34. Qe3+ Kg7 35. Qd4+ Qxd4 36. cxd4 Kf6 37. Kf1 Ke6 38. Ke2 Kd6 39. Kd3 Kd5 40.
f4 h6 41. h4 Kc6 42. Kc4 Kd6 43. d5 1-0

[Event "Titled Tue 10th Jun Early"]
[Site "chess.com INT"]
[Date "2025.06.10"]
[Round "5"]
[White "Loya Ibarra, Rigoberto"]
[Black "Matskevich, Varvara"]
[Result "1-0"]
[BlackTitle "WFM"]
[WhiteElo "2069"]
[BlackElo "1911"]
[WhiteFideId "5110688"]
[BlackFideId "13523465"]
[EventDate "2025.06.10"]

1. e4 c5 2. Nc3 e5 3. Bc4 d6 4. d3 Nf6 5. Nge2 Be7 6. O-O O-O 7. f4 Nc6 8. f5 a6
9. a4 Nd4 10. Bg5 h6 11. Bxf6 Bxf6 12. Nd5 b6 13. Ng3 Bb7 14. c3 Nc6 15. Nh5 Bg5
16. f6 g6 17. Qg4 gxh5 18. Qxh5 b5 19. Rf5 Bd2 20. Rd1 Kh7 21. Rxd2 bxc4 22. Rg5
Rg8 23. Qxf7+ Kh8 24. Rg7 Rxg7 25. Qxg7# 1-0

[Event "Titled Tue 10th Jun Early"]
[Site "chess.com INT"]
[Date "2025.06.10"]
[Round "5"]
[White "Komov, Roman"]
[Black "Kozlov, Oleg"]
[Result "1-0"]
[WhiteTitle "FM"]
[BlackTitle "IM"]
[WhiteElo "2239"]
[BlackElo "2253"]
[WhiteFideId "24175714"]
[BlackFideId "4104544"]
[EventDate "2025.06.10"]

1. e4 c5 2. Nf3 e6 3. c3 d5 4. e5 d4 5. b4 dxc3 6. Nxc3 cxb4 7. Ne4 Qd5 8. Qc2
Qc6 9. Bb5 Qxb5 10. Qxc8+ Ke7 11. Ba3 bxa3 12. Rc1 Nc6 13. Qxa8 Qb6 14. Nd6 Nf6
15. Nc8+ 1-0

[Event "Titled Tue 10th Jun Early"]
[Site "chess.com INT"]
[Date "2025.06.10"]
[Round "5"]
[White "Atis, Hasan"]
[Black "Kosteniuk, Alexandra"]
[Result "1-0"]
[WhiteTitle "CM"]
[BlackTitle "GM"]
[WhiteElo "2089"]
[BlackElo "2474"]
[WhiteFideId "44598017"]
[BlackFideId "4128125"]
[EventDate "2025.06.10"]

1. e4 c6 2. d4 d5 3. Nc3 dxe4 4. Nxe4 Nf6 5. Nxf6+ exf6 6. c3 Bd6 7. Bd3 O-O 8.
Qc2 Re8+ 9. Ne2 h5 10. Be3 Nd7 11. O-O-O Nf8 12. c4 b5 13. Kb1 Be6 14. d5 cxd5
15. cxd5 Rc8 16. Qb3 Bd7 17. Nd4 Qa5 18. Nc6 Bxc6 19. dxc6 b4 20. Bc4 Qc7 21.
Bxf7+ Qxf7 22. Rxd6 Qxb3 23. axb3 Re6 24. Rxe6 Nxe6 25. Rc1 a5 26. Bb6 Kf7 27.
Rc4 g5 28. g3 h4 29. Bxa5 hxg3 30. hxg3 f5 31. Bxb4 f4 32. gxf4 Nxf4 33. Bd6 Nd3
34. Bg3 Ke6 35. Kc2 Ne1+ 36. Kc3 Nf3 37. b4 1-0

[Event "Titled Tue 10th Jun Early"]
[Site "chess.com INT"]
[Date "2025.06.10"]
[Round "5"]
[White "Chiang, Jacob"]
[Black "Arun, Siddharth"]
[Result "1-0"]
[WhiteElo "2006"]
[BlackElo "1978"]
[WhiteFideId "30962331"]
[BlackFideId "2079178"]
[EventDate "2025.06.10"]

1. c4 c6 2. Nf3 d5 3. d4 e6 4. Nc3 dxc4 5. a4 Bb4 6. e3 b5 7. Bd2 a5 8. axb5
Bxc3 9. Bxc3 cxb5 10. b3 Bb7 11. bxc4 b4 12. Bb2 Nf6 13. Bd3 O-O 14. O-O Be4 15.
Be2 Nbd7 16. Nd2 Bc6 17. Qb3 Qb6 18. c5 Qb7 19. f3 a4 20. Qc4 a3 21. Bc1 Bd5 22.
Qd3 b3 23. Bxa3 Rxa3 24. Rxa3 Rb8 25. Rb1 Qb4 26. Raxb3 Bxb3 27. Rxb3 Qa5 28.
Rxb8+ Nxb8 29. Kf2 Nd5 30. Nc4 Qa2 31. Nd6 h6 32. Qb5 Qa7 33. Qe8+ Kh7 34. Bd3+
f5 35. Qxe6 Qa2+ 36. Kg3 1-0

[Event "Titled Tue 10th Jun Early"]
[Site "chess.com INT"]
[Date "2025.06.10"]
[Round "5"]
[White "Subervi, Jonathan Sigfredo"]
[Black "Mata Gonzalez, Jose Fernando"]
[Result "1-0"]
[WhiteTitle "FM"]
[BlackTitle "CM"]
[WhiteElo "2059"]
[BlackElo "2164"]
[WhiteFideId "6400345"]
[BlackFideId "5107423"]
[EventDate "2025.06.10"]

1. e4 c5 2. d4 cxd4 3. Qxd4 Nc6 4. Qd3 e5 5. Nc3 Nf6 6. Bg5 Bc5 7. Nd5 Bxf2+ 8.
Kxf2 Ng4+ 9. Ke1 Qxg5 10. Nc7+ Kd8 11. Nxa8 Nb4 12. Qd2 Ne3 13. Rc1 Qh4+ 14. Ke2
Nxf1 15. Kxf1 Nc6 16. Nf3 Qxe4 17. Qd6 Qc4+ 18. Kf2 e4 19. Qc7+ Ke8 20. Rhe1
Qc5+ 21. Kf1 Qc4+ 22. Kg1 Ke7 23. Rxe4+ Qxe4 24. Re1 Qxe1+ 25. Nxe1 Re8 26. Nd3
Kf8 27. Qd6+ Kg8 28. Nc7 Re6 29. Nxe6 1-0

[Event "Titled Tue 10th Jun Early"]
[Site "chess.com INT"]
[Date "2025.06.10"]
[Round "5"]
[White "Rustamov, Rustam"]
[Black "Coro, Lucas"]
[Result "1-0"]
[WhiteTitle "FM"]
[BlackTitle "IM"]
[WhiteElo "2334"]
[BlackElo "2438"]
[WhiteFideId "13440110"]
[BlackFideId "147222"]
[EventDate "2025.06.10"]

1. e4 c5 2. Nf3 Nc6 3. d4 cxd4 4. Nxd4 g6 5. c4 Bg7 6. Be3 Nf6 7. Nc3 O-O 8. Be2
d6 9. O-O Bd7 10. f3 Nxd4 11. Bxd4 a5 12. b3 Bc6 13. Qd2 Nd7 14. Rac1 Bxd4+ 15.
Qxd4 Qb6 16. Qxb6 Nxb6 17. Nd5 Bxd5 18. cxd5 Rfc8 19. Bb5 Kg7 20. Kf2 f5 21. Ke3
Kf6 22. Kd4 h5 23. Rfe1 Rab8 24. exf5 gxf5 25. Re6+ Kf7 26. Rce1 Rc7 27. Bd3 Rg8
28. g3 f4 29. gxf4 Rg2 30. Rh6 Rc5 31. Rh7+ Kf6 32. Re6# 1-0

[Event "Titled Tue 10th Jun Early"]
[Site "chess.com INT"]
[Date "2025.06.10"]
[Round "5"]
[White "Lloret Ramis, Juan Jose"]
[Black "Yang, Daniel"]
[Result "1/2-1/2"]
[WhiteTitle "FM"]
[BlackTitle "CM"]
[WhiteElo "2019"]
[BlackElo "2198"]
[WhiteFideId "2204053"]
[BlackFideId "30976340"]
[EventDate "2025.06.10"]

1. d4 Nf6 2. Bg5 d5 3. Bxf6 exf6 4. Nf3 g6 5. e3 Bg7 6. c4 c6 7. cxd5 Qxd5 8.
Nc3 Qd8 9. Bc4 O-O 10. O-O f5 11. a4 Nd7 12. a5 Nf6 13. Qb3 Qe7 14. Ne5 Ne4 15.
Nxe4 fxe4 16. f3 Bxe5 17. dxe5 Qxe5 18. fxe4 Be6 19. Bxe6 Qxe6 20. Qxe6 fxe6 21.
Rad1 Rxf1+ 22. Kxf1 Rf8+ 23. Ke2 Kg7 24. e5 Rf5 25. Rd7+ Rf7 26. Rd8 Rc7 27. Re8
Kf7 28. Rh8 Kg7 29. Re8 Kf7 30. Rh8 Kg7 31. Re8 1/2-1/2

[Event "Titled Tue 10th Jun Early"]
[Site "chess.com INT"]
[Date "2025.06.10"]
[Round "5"]
[White "Miranda Samudio, Adrian Jafeth"]
[Black "Sieciechowicz, Marcin"]
[Result "0-1"]
[WhiteTitle "CM"]
[BlackTitle "IM"]
[WhiteElo "1902"]
[BlackElo "2413"]
[WhiteFideId "6611044"]
[BlackFideId "1130170"]
[EventDate "2025.06.10"]

1. e4 e6 2. d4 d5 3. Nd2 c5 4. exd5 Qxd5 5. Ngf3 cxd4 6. Bc4 Qd6 7. O-O Nf6 8.
Nb3 Nc6 9. Nbxd4 Nxd4 10. Nxd4 Bd7 11. c3 Qc7 12. Bb3 O-O-O 13. Qf3 Bd6 14. h3
a6 15. Be3 Kb8 16. a4 e5 17. Nf5 e4 18. Qe2 Bxf5 19. a5 Bc5 20. Bg5 h6 21. Bh4
g5 22. Bg3 Bd6 23. Bxd6 Rxd6 24. f3 Rhd8 25. fxe4 Rd2 26. Qe3 R8d3 27. Qxd3 Rxd3
28. Rxf5 Rd2 29. e5 Qc6 30. Rf2 Qc5 0-1

[Event "Titled Tue 10th Jun Early"]
[Site "chess.com INT"]
[Date "2025.06.10"]
[Round "5"]
[White "Mitev, Valentin"]
[Black "Wieczorek, Zbigniew"]
[Result "1-0"]
[WhiteTitle "FM"]
[BlackTitle "FM"]
[WhiteElo "2323"]
[BlackElo "2105"]
[WhiteFideId "2921707"]
[BlackFideId "1102001"]
[EventDate "2025.06.10"]

1. Nf3 g6 2. g3 Bg7 3. Bg2 d5 4. O-O c6 5. c3 Bg4 6. d4 Bxf3 7. Bxf3 Nd7 8. Nd2
e5 9. dxe5 Nxe5 10. Bg2 Nf6 11. e4 dxe4 12. Nxe4 Qxd1 13. Rxd1 Nxe4 14. Bxe4 O-O
15. Bg5 h6 16. Be3 Rfe8 17. Bd3 a5 18. a4 Kh7 19. Be2 h5 20. Kf1 Re7 21. h3 Rae8
22. Bc5 Rd7 23. f4 Rxd1+ 24. Rxd1 h4 25. gxh4 b6 26. Bxb6 1-0